006220000a22002050004500500002400000650002600024650002100050650002200071650002500093651001000118082002500128518001100153530000600164100002400170245011700194260007900311260000900390041000800399300000900407 aBibliography: p. 21 aHydraulic engineering aEnergy resources aIndustrial plants aEconomic development aNepal a621.312134bM662pcN a940103 aM aShrestha, Padma Lal aPossibility of industrial utilisation of the hydroelectric energy resource of Nepal for its economic development aKathmandubMinistry of Industry and CommercecNepal Bureau of Mines, Nepal c1970 aEng a23p.